00591nam a2200145Ia 4500008004100000024005600041082001700097100006600114245004900180260002500229600003400254650003300288952010700321999001700428250506s9999 xx 000 0 und d a08B-010-TE, 08B-003-TE, 08B-004-TE & 07B-008-TE a621.3072 HAS aSyed Hassan Hashmi, Akif, Owais I Omer & Hafiz Muhammad Usman 0aCall Admission Control Over Wireless Network aKarachi:bUIT,c2008 aTelecommunication Engineering aBachelor of Engineering (BE) 001040708PR-TEaUITUbUITUd2022-07-26l0o621.3072 HASpTE-53r2025-05-06 11:34:20w2025-05-06yPR c28281d28281